Lelaki teragung selamanya

Bibliographic Details
Other Authors: Sri Diah Shaharuddin
Format: Book
Published: Selangor : Writes Write Services , 2021
Series:Legasi abah; 3
Subjects:

MARC

LEADER 00000cam a2200000 7i4500
001 0000087471
005 20230125163528.0
008 220222
020 |a 9789672434245 
041 0 |a Malay 
090 0 0 |a 808.882   |b LEL 
245 1 0 |a Lelaki teragung selamanya 
260 |a Selangor :   |b Writes Write Services ,   |c 2021 
300 |a 216 p. :   |b ill., col. ;   |c 20.3 cm. 
490 0 |a Legasi abah; 3 
541 |c Purchased on 2021   |f LA/Jan2022 WWS   |h RM30.00 
650 0 |a Authors   |x Anecdotes 
650 0 |a Families   |x Anecdotes 
650 0 |a Father and child   |x Anecdotes 
700 0 |a Sri Diah Shaharuddin 
999 |a 0001674718   |b Book   |c Adult Collection   |e Perbadanan Perpustakaan Awam Johor 
999 |a 0001674719   |b Book   |c Adult Collection   |e Cawangan Urban Transformation Centre 
999 |a 0001674720   |b Book   |c Adult Collection   |e Cawangan AEON Kulaijaya 
999 |a 0001674903   |b Book   |c Adult Collection   |e Cawangan Bukit Gambir 
999 |a 0001674904   |b Book   |c Adult Collection   |e Cawangan Mersing 
999 |a 0001674905   |b Book   |c Adult Collection   |e Cawangan Batu Pahat 
999 |a 0001674906   |b Book   |c Adult Collection   |e Cawangan Kota Tinggi 
999 |a 0001674907   |b Book   |c Adult Collection   |e Cawangan Taman Sri Lambak 
999 |a 0001674908   |b Book   |c Adult Collection   |e Cawangan Bandar Penawar 
999 |a 0001674909   |b Book   |c Adult Collection   |e Cawangan Tangkak 
999 |a 0001674910   |b Book   |c Adult Collection   |e Cawangan Tmn. Ungku Tun Aminah 
999 |a 0001674911   |b Book   |c Adult Collection   |e Cawangan Muar 
999 |a 0001674912   |b Book   |c Adult Collection   |e Cawangan Pontian 
999 |a 0001674914   |b Book   |c Adult Collection   |e Cawangan Segamat 
999 |a 0001674915   |b Book   |c Adult Collection   |e Cawangan Bandar Tenggara